Normal view MARC view
  • Malaysia

Entry Geographic Name

Number of records used in: 2

001 - CONTROL NUMBER

  • control field: 3835

003 - CONTROL NUMBER IDENTIFIER

  • control field: OSt

005 - DATE AND TIME OF LATEST TRANSACTION

  • control field: 20170512103143.0

008 - FIXED-LENGTH DATA ELEMENTS

  • fixed length control field: 170512|| aca||aabn | a|a d

040 ## - CATALOGING SOURCE

  • Original cataloging agency: OSt
  • Transcribing agency: OSt

151 ## - HEADING--GEOGRAPHIC NAME

  • Geographic name: Malaysia
  • General subdivision: Appropriations and expenditures
  • Form subdivision: Periodicals

670 ## - SOURCE DATA FOUND

  • Source citation: Work cat.: (OSt)0: Budget commentary & tax information, [2001]-
Pusat Sumber Maklumat Dato' Haji Sarmin Md Hussin, Akademi Kastam Diraja Malaysia, Melaka
Tel: 06-2331106 | Faks: 06-2313787